| 000 | 00807cam a2200301 i 4500 | ||
|---|---|---|---|
| 001 | 768714001 | ||
| 003 | CO-MdFUSB | ||
| 005 | 20241204143225.0 | ||
| 007 | ta | ||
| 008 | 241204t1988 -sp||||| |||| 00| 0 spa d | ||
| 020 | _a84-7645-314-0 | ||
| 040 | _cCO-MdFUSB | ||
| 041 | 0 | _aspa | |
| 082 | 0 | 4 |
_223 _a238 _bO751p |
| 100 | 1 |
_aOrr, James (1844-1913) _eautor |
|
| 245 | 1 | 0 |
_aEl progreso del dogma _c/ James Orr ; traducido por Xavier Vila |
| 264 | 1 |
_aTerrassa, Barcelona, España : _bClie, _c[1988] |
|
| 264 | 4 | _c©1988 | |
| 300 | _a288 páginas | ||
| 336 |
_atexto _btxt _2rdacontent |
||
| 337 |
_2rdamedia _asin mediación _bn |
||
| 338 |
_2rdacarrier _avolumen _bnc |
||
| 563 | _aRustico | ||
| 653 | _aDogmatica | ||
| 700 |
_aVila, Xavier. _92156 _eTraductor |
||
| 942 | _cBK | ||
| 945 | _aMiguel | ||
| 999 |
_c35214 _d35214 |
||